000
00413nam a2200145Ia 4500
008
100122s9999 xx 000 0 und d
082
_b
40860
_a
822.09
100
_a
कानडे मु श्री
245
_a
नाटय शोध
260
_b
नीहारा प्रकाशन
_c
1987
300
_a
191
630
_a
नाटय शोध
730
_a
नाटय शोध
942
_c
BOOK
999
_c
421660
_d
421657